Tanzania after Nyerere /

Bibliographic Details
Corporate Author: University of London. School of Oriental and African Studies
Other Authors: Hodd, Michael
Format: Book
Language:English
Published: London ; New York : Pinter Publishers, 1988.
Subjects:

MARC

Tag First Indicator Second Indicator Subfields
LEADER 00000cam a2200000 a 4500
001 in00000032372
005 20151007060510.0
008 871019s1988 enk b 00100 eng
010 |a  87029157  
020 |a 0861879163 :  |c $35.00 (U.S.) 
035 |a (OCoLC)16950658 
035 |9 AAC0994AM 
040 |a DLC  |c DLC  |d TXA  |d UtOrBLW 
043 |a f-tz--- 
049 |a TXAM  |c [A11508725] 
050 0 0 |a DT448.2  |b .T29 1988 
082 0 |a 967.8/04  |2 19 
245 0 0 |a Tanzania after Nyerere /  |c edited by Michael Hodd. 
264 1 |a London ;  |a New York :  |b Pinter Publishers,  |c 1988. 
300 |a ix, 197 pages ;  |c 23 cm. 
336 |a text  |b txt  |2 rdacontent 
337 |a unmediated  |b n  |2 rdamedia 
338 |a volume  |b nc  |2 rdacarrier 
500 |a Papers presented at a conference held at the School of Oriental and African Studies, London University, 26-27 June, 1986. 
504 |a Includes bibliographies and index. 
651 0 |a Tanzania  |x Politics and government  |y 1964- 
651 0 |a Tanzania  |x Economic conditions  |y 1964- 
700 1 |a Hodd, Michael. 
710 2 |a University of London.  |b School of Oriental and African Studies. 
999 |a MARS 
999 f f |s 8d97ff87-d8e3-34e5-b695-ff3ca705e8d0  |i 7218bcea-118c-3c4a-abc2-d860b2a31f3c  |t 0 
952 f f |p ric  |a Texas A&M University  |b Rellis Campus  |c Joint Library Facility  |d Remote Storage  |t 0  |e DT448.2 .T29 1988  |h Library of Congress classification  |i unmediated -- volume  |m A14811508725 
998 f f |a DT448.2 .T29 1988  |t 0  |l Remote Storage